00721nam a2200241 a 4500001000800000005001700008008004100025010001700066020001500083020002600098040001800124041000800142080001300150082002000163100000700183101000900190245006100199504003000260906004500290942001200335999001700347952011500364147920420180208044812.0880609s1988 enka b 001 0 eng  a 87033844  a052135465X a0521354668 (diskette) aDLCcDLCdDLC aeng a005.133 00a005.133 PRE219 a30 aSHKI00aNumerical recipes in C :cWilliam H. Press ... [et al.]. aBibliography: p. 689-693. a7bcbccorignewd1eocipf19gy-gencatlg 2ddccBK c42118d42118 00102udc40708PËKGa002b002cPËKGd2018-02-08l0o005.133 PREp002-2998632r2018-02-08w2018-02-08yBK